ALL Dwellings, Cities and Villages in Assassins Creed Odyssey - Statistics

General Stats
  • This quiz has been taken 81 times
  • The average score is 17 of 173
Answer Stats
Hint Answer % Correct
Attika Athens
93%
Lakonia Sparta
86%
Naxos Island Naxos
36%
Argolis Argos
32%
Korinthia Korinth
32%
Megaris Megara
32%
Beoetia Thebes
32%
Messara Heraklion
29%
Elis Elis
25%
Attika Port of Piraeus
25%
Kephallonia Sami
22%
Achaia Bouleuterion of Patrai
20%
Achaia Patrai
20%
Arkadia Phigaleia Fishing Port
20%
Messara Gortyn
15%
Silver Islands Mykonos City
15%
Abantis Islands Skyros
15%
Makedonia Amphipolis
14%
Abantis Islands Chalkis City
14%
Argolis Epidauros
14%
Attika | Malis Fishing Village
14%
Southern Sporades Kazania Fishing Village
14%
Attika Lavrio
14%
Messenia Messene
14%
Abantis Islands Eritrea
12%
Pephka Lato
12%
Obsidian islands Melos
12%
Megaris Pagai
12%
Paros Island Paros Harbor
12%
Attika Salamis
12%
Silver Islands Sanctuary of Apollo
12%
Hephaistos Islands Thasos City
12%
Southern Sporades Aion Vineyard
10%
Lokris Alponos
10%
Southern Sporades Astypalia City
10%
Petrified islands Chios
10%
Pirate islands Chora
10%
Arkadia Deserted Farm
10%
Obsidian islands Hydrea Apple farm
10%
Abantis Islands Karystos Dock
10%
Messara Kydonia
10%
Kythera Island Kythera Town
10%
Elis Linou Farm
10%
Attika Mt. Pentelikos
10%
Lokris Opous
10%
Arkadia Smugglers Port
10%
Arkadia Tegea
10%
Korinthia Abron House
8%
Pirate islands Aetios's House
8%
Messenia Aipeia
8%
Makedonia Amphipolis Farm
8%
Lakonia Amyklai Farm
8%
Naxos Island Apollonas
8%
Arkadia Archon's Safe House
8%
Messara Ardos's House
8%
Abantis Islands Chalkis Farm
8%
Argolis Chremata House
8%
Attika Dekelia
8%
Achaia Dyme
8%
Petrified islands Eresos
8%
Argolis Eristenea House
8%
Messenia Forge
8%
Southern Sporades Herb Fishing Village
8%
Hephaistos Islands Karpos's House
8%
Lakonia Krokeai
8%
Pephka Lato Harbor
8%
Hephaistos Islands Lemnos Farm
8%
Lakonia Limnai
8%
Kephallonia Markos's Vineyard
8%
Petrified islands Mastic Farm
8%
Lakonia Mesoa
8%
Hephaistos Islands Mikko's House
8%
Hephaistos Islands Myrina
8%
Petrified islands Myteline Farm
8%
Megaris Panormos
8%
Achaia Pellene
8%
Korinthia Phaia's Pig Farm
8%
Messara Phaistos Village
8%
Malis Phyllidos's House
8%
Lakonia Pitana
8%
Pirate islands Poiessa Village
8%
Makedonia Potidaia
8%
Arkadia Stymphalos
8%
Kephallonia Abandoned House
7%
Attika Agora
7%
Hephaistos Islands Aliki Quarry
7%
Southern Sporades Aristocratic residence
7%
Petrified islands Boupalos Shipyard
7%
Achaia Boura
7%
Beoetia City of Orchomenos
7%
Pirate islands Forest Hut
7%
Lakonia Geronthai
7%
Petrified islands Huntress Village
7%
Phokis Kirrha
7%
Kythera Island Kythera Treasury
7%
Phokis Lalaia
7%
Beoetia Mykalessos
7%
Argolis Nauplia
7%
Korinthia Port of Kechries
7%
Kythera Island Skandeia Treasury
7%
Obsidian islands Small Settlement
7%
Argolis Tydeus's Lair
7%
Kephallonia Village of Kausos
7%
Petrified islands Vineyard
7%
Pephka Warriors Battleground
7%
Lakonia Akriai
5%
Attika Altar of love
5%
Lakonia Amyklai Blacksmith
5%
Attika Athens Mint
5%
Attika Burned Farm
5%
Attika Commercial Stoa
5%
Messara Daktyl's Depleted Mine
5%
Southern Sporades Delian Quarter
5%
Petrified islands Dread Ruins
5%
Attika Hermippos Residence
5%
Silver Islands Hestiatorion
5%
Southern Sporades Hippocratic School of Medicine
5%
Phokis House of the Pythia
5%
Southern Sporades Kos Herb Fields
5%
Naxos Island Kouros Workshop
5%
Messara Kresilas's Residence
5%
Korinthia Lechaion Goods Warehouse
5%
Messenia Lost Horse of Odysseus
5%
Attika Marble Workshop
5%
Kythera Island Murex Dyeing Facility
5%
Kythera Island Olive Farm
5%
Lakonia Oplopoiike Warehouse
5%
Achaia Pellene Tavern
5%
Attika Piraeus Workshop
5%
Beoetia Port of Kreusis
5%
Korinthia Pottery Workshop
5%
Messenia Production Line
5%
Southern Sporades Pythagoreion
5%
Abantis Islands Saccharine Orchard
5%
Petrified islands Sappho School
5%
Paros Island Sculptors Warehouse
5%
Messara Sheperd's Hut
5%
Kythera Island Skandeia Harbor
5%
Abantis Islands Slave Market
5%
Abantis Islands Smugglers Dock
5%
Korinthia Stoa
5%
Silver Islands Tavern
5%
Attika Textile Workshop
5%
Korinthia The Monger's Warehouse
5%
Lakonia Village of Gytheion
5%
Pephka Warriors Rest
5%
Hephaistos Islands Champions Gymnasium
3%
Attika Choma Camp
3%
Messara Fishermans Beachhead
3%
Phokis Farmhouse
3%
Megaris Farm of Tripodiskos
3%
Messara Fishermans Beacon
3%
Argolis | Phokis Guesthouse
3%
Phokis Gymnasium
3%
Achaia House of Phoenician
3%
Beoetia House of Pindar
3%
Attika House of Solon
3%
Elis Kallias's Warehouse
3%
Pirate islands Korresia
3%
Malis Lamia City
3%
Beoetia Lebadeia
3%
Attika Logismos Building
3%
Argolis Nauplia Shipshed
3%
Elis Stable of Ares
3%
Hephaistos Islands Tax Office
3%
Arkadia Tegea Barracks
3%
Hephaistos Islands Vineyard of Glory
3%
Pephka Warriors Archery Range
3%
Phokis Chora of Delhpi
2%
Elis Kylenne
2%
Petrified islands Myteline
2%
No matching quizzes found
Score Distribution
Percent of People with Each Score
Percentile by Number Answered
Your Score History
You have not taken this quiz